| 000 | 00408nam a22001577a 4500 | ||
|---|---|---|---|
| 003 | SGT | ||
| 020 | _a9780323681056 | ||
| 082 |
_a616.01 _bB22T |
||
| 100 | _aTILLE, PACTRICIA M. | ||
| 245 | _aBAILEY & SCOTT'S DIAGNOSTIC MICROBIOLOGY | ||
| 250 | _a15TH | ||
| 260 |
_aLOUIS, MISSOURI _bELSEVIER PUB _c2022 |
||
| 650 | _aMICROBIOLOGY | ||
| 653 | _aBAILEY & SCOTT'S DIAGNOSTIC MICROBIOLOGY | ||
| 942 |
_2ddc _cBK |
||
| 999 |
_c30678 _d30678 |
||